| 000 | 00573nam a2200181Ia 4500 | ||
|---|---|---|---|
| 008 | 151202s9999||||xx |||||||||||||| ||und|| | ||
| 082 | _bPNVM-62010 | ||
| 100 | _aहरकारे अरूण. | ||
| 245 | _aकार्बनकॉपी. | ||
| 260 | _bश्रीकल्प प्रकाशन मुंबई. | ||
| 260 | _c62010 | ||
| 300 | _a205 | ||
| 600 | _aहरकारे अरूण. | ||
| 630 | _aकार्बनकॉपी. | ||
| 700 | _aहरकारे अरूण. | ||
| 730 | _aकार्बनकॉपी. | ||
| 942 | _cBOOK | ||
| 999 |
_c1328544 _d1328541 |
||